000
00194 a2200097 4500
020
_a
9781455536894
041
_a
eng
100
_a
Preston, Douglas
245
_a
The obsidian chamber
942
_c
BK
999
_c
31908
_d
31906